UM Logo

Speeches for all times/ (Record no. 2955)

MARC details
000 -LEADER
fixed length control field 00670nam a22002057a 4500
008 - FIXED-LENGTH DATA ELEMENTS--GENERAL INFORMATION
fixed length control field 160602b xxu||||| |||| 00| 0 eng d
020 ## - INTERNATIONAL STANDARD BOOK NUMBER
International Standard Book Number 971-8581-65-0
082 ## - DEWEY DECIMAL CLASSIFICATION NUMBER
Edition number 2003
Classification number DFil 808.85
Item number M41
100 ## - MAIN ENTRY--PERSONAL NAME
9 (RLIN) 9845
Personal name Matalang, Salvacion T.
245 ## - TITLE STATEMENT
Title Speeches for all times/
Statement of responsibility, etc. Salvacion T. Matalang [and two others].
260 ## - PUBLICATION, DISTRIBUTION, ETC. (IMPRINT)
Place of publication, distribution, etc. Quezon City:
Name of publisher, distributor, etc. Great Books Trading,
Date of publication, distribution, etc. c2003.
300 ## - PHYSICAL DESCRIPTION
Extent v, 250 pages;
Dimensions 22 cm.
500 ## - GENERAL NOTE
General note Includes bibliography and quotations.
650 #0 - SUBJECT ADDED ENTRY--TOPICAL TERM
9 (RLIN) 9847
Topical term or geographic name as entry element Speeches
700 ## - ADDED ENTRY--PERSONAL NAME
9 (RLIN) 9848
Personal name Egipto, Joel Joseph L.
700 ## - ADDED ENTRY--PERSONAL NAME
9 (RLIN) 9849
Personal name Egipto, Lerma B.
700 ## - ADDED ENTRY--PERSONAL NAME
9 (RLIN) 9850
Personal name Bhagwani, Ernie T.
Relator term editor
365 ## - TRADE PRICE
Price amount 240.00
Currency code Php
942 ## - ADDED ENTRY ELEMENTS (KOHA)
Source of classification or shelving scheme Dewey Decimal Classification
Koha item type Filipiniana
Holdings
Withdrawn status Lost status Source of classification or shelving scheme Damaged status Not for loan Collection code Home library Current library Date acquired Source of acquisition Total Checkouts Full call number Barcode Date last seen Copy number Cost, replacement price Price effective from Koha item type
    Dewey Decimal Classification     Filipiniana UM Digos College - LIC UM Digos College - LIC 08/31/2004 Purchased   DFil 808.85 M41 2003 17638 06/02/2016 1 240.00 06/02/2016 Filipiniana